MARC details
| 001 - CONTROL NUMBER |
| control field |
23274807 |
| 003 - CONTROL NUMBER IDENTIFIER |
| control field |
0199096 |
| 005 - DATE AND TIME OF LATEST TRANSACTION |
| control field |
20251011130447.0 |
| 008 - FIXED-LENGTH DATA ELEMENTS--GENERAL INFORMATION |
| fixed length control field |
230811s2024 enk b 001 0 eng |
| 010 ## - LIBRARY OF CONGRESS CONTROL NUMBER |
| LC control number |
2023035355 |
| 020 ## - INTERNATIONAL STANDARD BOOK NUMBER |
| International Standard Book Number |
9781032594682 |
| 020 ## - INTERNATIONAL STANDARD BOOK NUMBER |
| International Standard Book Number |
9781032620145 |
| 020 ## - INTERNATIONAL STANDARD BOOK NUMBER |
| Cancelled/invalid ISBN |
9781003461777 |
| 035 ## - SYSTEM CONTROL NUMBER |
| System control number |
23274807 |
| 040 ## - CATALOGING SOURCE |
| Original cataloging agency |
DLC |
| Language of cataloging |
eng |
| Description conventions |
rda |
| Transcribing agency |
DLC |
| Modifying agency |
DLC |
| 042 ## - AUTHENTICATION CODE |
| Authentication code |
pcc |
| 050 00 - LIBRARY OF CONGRESS CALL NUMBER |
| Classification number |
HM1121 |
| Item number |
.A38 2024 |
| 082 00 - DEWEY DECIMAL CLASSIFICATION NUMBER |
| Classification number |
306 |
| Edition number |
23/eng/20230811 |
| 100 1# - MAIN ENTRY--PERSONAL NAME |
| Personal name |
|
| Relator term |
author. |
| 245 12 - TITLE STATEMENT |
| Title |
A sociological genealogy of culture wars / |
| Statement of responsibility, etc |
|
| 260 ## - PUBLICATION, DISTRIBUTION, ETC. (IMPRINT) |
| Place of publication, distribution, etc |
New York |
| Name of publisher, distributor, etc |
Routledge |
| Date of publication, distribution, etc |
2024 |
| 263 ## - PROJECTED PUBLICATION DATE |
| Projected publication date |
2312 |
| 264 #1 - PUBLICATION, DISTRIBUTION, ETC. (IMPRINT) |
| Place of publication, distribution, etc |
Abingdon, Oxon ; |
| -- |
New York, NY : |
| Name of publisher, distributor, etc |
Routledge, |
| Date of publication, distribution, etc |
2024. |
| 300 ## - PHYSICAL DESCRIPTION |
| Extent |
pages cm. |
| 336 ## - CONTENT TYPE |
| Content type term |
text |
| Content type code |
txt |
| Source |
rdacontent |
| 337 ## - MEDIA TYPE |
| Media type term |
unmediated |
| Media type code |
n |
| Source |
rdamedia |
| 338 ## - CARRIER TYPE |
| Carrier type term |
volume |
| Carrier type code |
nc |
| Source |
rdacarrier |
| 490 0# - SERIES STATEMENT |
| Series statement |
Routledge advances in sociology |
| 504 ## - BIBLIOGRAPHY, ETC. NOTE |
| Bibliography, etc |
Includes bibliographical references and index. |
| 505 0# - FORMATTED CONTENTS NOTE |
| Formatted contents note |
Culture Wars in Comparative Perspective: Four patterns -- Classificatory struggles and cognitive hegemonization -- Epistemological clashes within the COVID crisis -- Warrior gods, heroes and victims -- "Europe" as a symbolic battlefield -- The dynamic tension between the prefixes of the human: transhuman, posthuman and superhuman -- Social acceleration and time wars out of the future. |
| 520 ## - SUMMARY, ETC. |
| Summary, etc |
"This book analyzes the culture wars as those struggles for the monopoly of the legitimate representation of the world in the normative elucidation of controversial issues linked to values. Public culture in this context would consist of a set of complex classificatory systems of symbols and meanings that constitute a semantic field in permanent dynamic tension. In this work we analyze a whole series of lines of cultural conflict such as the social and semantic genesis of the different forms of "culture war" from the thesis of "modern polytheism" pointed out by Max Weber at the beginning of the 20th century to the national culture wars and the current global culture wars; the social production of truth and the clash with the epistemological tribalisms; the struggles between the new warrior gods, daimons and demons which emerge in modern societies; the struggles of fusion and fission on the symbolic battlefield of "Europe"; the struggles between "pioneers" and "gatekeepers" to define the limits of human nature; the struggles between utopias and dystopias that colonize the present future. This book will be of great help to anybody looking for key interpretations on the nature and structure of modern conflicts in contemporary societies"-- |
| Assigning source |
Provided by publisher. |
| 650 #0 - SUBJECT ADDED ENTRY--TOPICAL TERM |
| Topical term or geographic name as entry element |
Culture conflict. |
| 650 #0 - SUBJECT ADDED ENTRY--TOPICAL TERM |
| Topical term or geographic name as entry element |
Culture |
| General subdivision |
Social aspects. |
| 650 #0 - SUBJECT ADDED ENTRY--TOPICAL TERM |
| Topical term or geographic name as entry element |
Civilization, Modern. |
| 700 1# - ADDED ENTRY--PERSONAL NAME |
| Personal name |
Beriain, Josetxo, |
| Relator term |
author. |
| 776 08 - ADDITIONAL PHYSICAL FORM ENTRY |
| Relationship information |
Online version: |
| Main entry heading |
|
| Title |
Sociological genealogy of culture wars |
| Place, publisher, and date of publication |
Abingdon, Oxon ; New York, NY : Routledge, 2024 |
| International Standard Book Number |
9781003461777 |
| Record control number |
(DLC) 2023035356 |
| 906 ## - LOCAL DATA ELEMENT F, LDF (RLIN) |
| a |
7 |
| b |
cbc |
| c |
orignew |
| d |
1 |
| e |
ecip |
| f |
20 |
| g |
y-gencatlg |
| 942 ## - ADDED ENTRY ELEMENTS (KOHA) |
| Source of classification or shelving scheme |
Library of Congress Classification |
| Koha item type |
Books |